Giáo trình trang trí Sách dành cho cao đẳng Sư phạm T.2 Giáo trình trang trí

Gồm những kiến thức chung về trang trí ứng dụng. Giới thiệu một số mẫu chữ và phương pháp kẻ chữ, cách trình bày báo tường, chép và phóng tranh, vẽ tranh cổ động, chép và cách điệu động vật, trình bày bản trích dẫn

保存先:
書誌詳細
第一著者: Phạm Ngọc Tới (Tác giả)
フォーマット: 図書
言語:Vietnamese
出版事項: H. Đại học Sư phạm 2007
主題:
タグ: タグ追加
タグなし, このレコードへの初めてのタグを付けませんか!
Thư viện lưu trữ: Mạng thư viện Đại học Đà Nẵng
LEADER 01659nam a2200397 4500
001 000009668
003 5865
005 20170424160441.0
008 111031s2007 viesd
020 |c 0đ 
041 0 |a vie 
082 |a 745.4  |b PH-T 
100 0 |a Phạm Ngọc Tới  |e Tác giả 
245 1 0 |a Giáo trình trang trí  |b Sách dành cho cao đẳng Sư phạm  |c Phạm Ngọc Tới  |n T.2  |p Giáo trình trang trí 
260 |a H.  |b Đại học Sư phạm  |c 2007 
300 |a 251 tr. ảnh, hình vẽ  |c 24 cm 
500 |a Bộ Giáo dục và Đào tạo. Dự án Đào tạo Giáo viên THCS 
504 |a Thư mục: tr. 250 
520 |a Gồm những kiến thức chung về trang trí ứng dụng. Giới thiệu một số mẫu chữ và phương pháp kẻ chữ, cách trình bày báo tường, chép và phóng tranh, vẽ tranh cổ động, chép và cách điệu động vật, trình bày bản trích dẫn 
653 |a Trang trí thực hành 
653 |a Trang trí 
653 |a Nghệ thuật trang trí 
653 |a Giáo trình 
700 |a Phạm Ngọc Tới  |e Tác giả 
773 |t Giáo trình trang trí  |w 5863 
910 |a duyên 
OWN |a LSP 
AVA |a UDN50  |b LSP  |d 745.4 PH-T  |e available  |t Error 5001 Not defined in file expand_doc_bib_avail.  |f 10  |g 0  |h N  |i 0  |k 1 
999 |a From the UDN01 
AVA |a UDN50  |b LSP  |d 745.4 PH-T  |e available  |t Error 5001 Not defined in file expand_doc_bib_avail.  |f 10  |g 0  |h N  |i 0  |k 1 
TYP |a Monograph 
TYP |a Printed language 
980 |a Mạng thư viện Đại học Đà Nẵng